000 00642nam a2200253Ia 4500
001 Para_2025
003 CHAP
008 220125s1996 xx 000 0 und d
010 _a200658
040 _cCHAP
082 _aPA 630.03 G8
245 _aGuía de proveedores y servicios del sector agropecuario /
_cpor PLM
250 _a3a.
260 _aMéxico, DF. :
_b PLM
300 _a272 p.
650 _aAgricultura
_x directorios
_91396
901 _aPA 630.03 G8
902 _aA
905 _a0000001996 a 0000000000 00
910 _a1996
942 _cPARA
942 _cPARA
_d1
999 _c200658
_d200658